Coppie VIP - 1 - Statistics

Statistiche generali
  • Questo quiz è stato fatto 71 volte
  • Il punteggio medio è 8 su 15
Statistiche sulle risposte
VIP Partner / ex partner % Corretto
Angelina Jolie Brad Pitt
91%
Shakira Gerard Piqué
89%
John Lennon Yoko Ono
81%
Vincent Cassel Monica Bellucci
67%
Tom Holland Zendaya
67%
Jay-Z Beyoncé
66%
Ben Affleck Jennifer Lopez / Jennifer Garner
63%
Victoria Adams David Beckham
55%
Johnny Depp Winona Ryder / Kate Moss / Amber Heard
53%
Blake Lively Ryan Reynolds
48%
Catherine Zeta-Jones Michael Douglas
45%
Hailey Baldwin Justin Bieber
38%
Chris Martin Gwyneth Paltrow
34%
Gisele Bündchen Tom Brady / Leonardo DiCaprio
27%
Mila Kunis Ashton Kutcher
23%
Nessun quiz corrispondente trovato
Distribuzione punteggi
Percentuale di utenti per punteggio
Percentile per numero di risposta
I tuoi punteggi nel tempo
Non hai fatto questo quiz